Statistiken für Fußball: Rekordnationalspieler Frankreich

Klicken Sie hier um das Quiz zu spielen!

Allgemein

  • Dieses Quiz wurde 449 mal gespielt
    (151 seit der letzten Aktualisierung)
  • Das Durchschnittsergebnis liegt bei 12 aus 24

Antwortstatistiken

Jahr des DebütSpieleToreSpieler% Korrekt
20081450Hugo Lloris
89%
199712351Thierry Henry
88%
199410831Zinedine Zidane
88%
201112454Olivier Giroud
83%
201412143Antoine Griezmann
80%
20079737Karim Benzema
70%
20139111Paul Pogba
68%
20068116Franck Ribery
63%
2013935Raphael Varane
59%
19941422Lilian Thuram
57%
19899716Laurent Blanc
50%
19891034Didier Deschamps
48%
1994870Fabien Barthez
44%
19931163Marcel Desailly
43%
2010849Blaise Matuidi
36%
19971076Patrick Vieira
36%
19967914Robert Pires
32%
1992972Bixente Lizarazu
30%
2004810Patrice Evra
28%
19938228Youri Djorkaeff
17%
2002835William Gallas
16%
2004809Florent Malouda
13%
19999226Sylvain Wiltord
13%
1982820Manuel Amoros
5%

Verteilung der Resultate

Perzentil nach korrekt beantworteten Fragen

Anzahl Personen mit jedem Resultat

Ihre Resultats-Entwicklung

Sie haben dieses Quiz seit der letzten Aktualisierung nicht gespielt